| 000 | 00878nam a2200277Ia 4500 | ||
|---|---|---|---|
| 005 | 20220316235405.0 | ||
| 008 | 121119s1992 ck a gr 000 m spa | ||
| 020 | _a9586155927 | ||
| 041 | 0 | _aspa | |
| 100 | 1 |
_aNino, Hugo, _d1947- |
|
| 245 | 1 | 0 |
_aRodapalabra _cHugo Niño ; ilustración, Ricardo Chauta |
| 250 | _aSexta reimpresión | ||
| 264 | 1 |
_aBogotá _bEducar Cultural Recreativa _c1992 |
|
| 300 |
_a103 páginas _bilustraciones _c21 cm. |
||
| 336 |
_atexto _btxt _2rdacontent |
||
| 337 |
_asin mediación _bn _2rdamedia |
||
| 338 |
_avolumen _bnc _2rdacarrier |
||
| 490 | 0 | _aEl duende verde | |
| 650 | 1 | 4 |
_2LEMB _vCuentos infantiles colombianos |
| 650 | 1 | 4 |
_2LEMB _aLuna _vCuentos infantiles |
| 650 | 1 | 4 |
_2LEMB _aLeyendas colombianas |
| 700 | 1 |
_aChauta, Ricardo _eilustrador _9118355 |
|
| 942 |
_2loc _cBKLIT |
||
| 040 |
_aCO-BoRNBP _bspa _erda _cCO-BoRNBP |
||
| 084 | _aLM NIn2 | ||
| 999 |
_c813 _d813 |
||